Siapa pengawal rimba (Record no. 126174)

MARC details
000 -LEADER
fixed length control field 00739nam a2200265 i 4500
001 - CONTROL NUMBER
control field C2-0326513
003 - CONTROL NUMBER IDENTIFIER
control field PPAK
005 - DATE AND TIME OF LATEST TRANSACTION
control field 20180728124348.0
008 - FIXED-LENGTH DATA ELEMENTS--GENERAL INFORMATION
fixed length control field 140330s2013 my a|||| ||||| | may d
020 ## - INTERNATIONAL STANDARD BOOK NUMBER
International Standard Book Number 9789675490477
040 ## - CATALOGING SOURCE
Original cataloging agency PPAK
Language of cataloging eng
Transcribing agency PPAK
Description conventions rda
082 04 - DEWEY DECIMAL CLASSIFICATION NUMBER
Classification number 398.24
Edition number 23
090 00 - LOCALLY ASSIGNED LC-TYPE CALL NUMBER (OCLC); LOCAL CALL NUMBER (RLIN)
Classification number (OCLC) (R) ; Classification number, CALL (RLIN) (NR) 398.24
Feature heading NAN
Feature heading K
100 0# - MAIN ENTRY--PERSONAL NAME
Personal name Nanthini,
Relator term author
245 10 - TITLE STATEMENT
Title Siapa pengawal rimba
264 #1 - PRODUCTION, PUBLICATION, DISTRIBUTION, MANUFACTURE, AND COPYRIGHT NOTICE
Place of production, publication, distribution, manufacture Hulu Selangor, Selangor :
Name of producer, publisher, distributor, manufacturer Qaff Publications ,
Date of production, publication, distribution, manufacture, or copyright notice 2013
300 ## - PHYSICAL DESCRIPTION
Extent 16 pages :
Other physical details colour illustrations ;
Dimensions 21 cm
336 ## - CONTENT TYPE
Source rdacontent
Content type term text
337 ## - MEDIA TYPE
Source rdamedia
Media type term unmediated
338 ## - CARRIER TYPE
Source rdacarrier
Carrier type term volume
490 1# - SERIES STATEMENT
Series statement Cerita fabel teladan
650 10 - SUBJECT ADDED ENTRY--TOPICAL TERM
Topical term or geographic name entry element Fables, Malay.
830 #0 - SERIES ADDED ENTRY--UNIFORM TITLE
Uniform title Cerita fabel teladan
942 ## - ADDED ENTRY ELEMENTS (KOHA)
-- dc
Koha item type Book
Holdings
Withdrawn Not for loan Current library Shelving location Date acquired Total Checkouts Full call number Barcode Date last seen Date last checked out Koha item type Total Renewals
    Perpustakaan Alor Setar Pinjaman Kanak-kanak 30/03/2014 3 K 398.24 NAN A01436771 14/07/2022 25/06/2022 Book 1
    Perpustakaan Alor Setar Pinjaman Kanak-kanak 30/03/2014 1 K 398.24 NAN A01436772 08/10/2022 24/09/2022 Book  
    Perpustakaan Alor Setar Pinjaman Kanak-kanak 30/03/2014   K 398.24 NAN A01436775 09/05/2018   Book  
    Perpustakaan Awam Sungai Petani Pinjaman Kanak-kanak 30/03/2014 7 K 398.24 NAN A01436773 08/10/2025 17/09/2025 Book  
    Perpustakaan Baling Pinjaman Kanak-kanak 30/03/2014 3 K 398.24 NAN A01436779 15/06/2025 27/05/2025 Book  
    Perpustakaan Bandar Baharu Pinjaman Kanak-kanak 30/03/2014   K 398.24 NAN A01436780 09/05/2018   Book  
    Perpustakaan Jitra Pinjaman Kanak-kanak 30/03/2014 3 K 398.24 NAN A01436774 11/01/2025 14/12/2024 Book 1
    Perpustakaan Kuala Nerang Pinjaman Kanak-kanak 30/03/2014   K 398.24 NAN A01436781 09/05/2018   Book  
    Perpustakaan Kulim Pinjaman Kanak-kanak 30/03/2014 6 K 398.24 NAN A01436776 30/08/2025 09/08/2025 Book  
    Perpustakaan Merbok Pinjaman Kanak-kanak 30/03/2014   K 398.24 NAN A01436783 13/05/2019   Book  
    Perpustakaan Pendang Pinjaman Kanak-kanak 30/03/2014 3 K 398.24 NAN A01436784 28/04/2022 17/04/2022 Book 1
    Perpustakaan Sik Pinjaman Kanak-kanak 30/03/2014 1 K 398.24 NAN A01436778 09/06/2024 05/06/2024 Book  
    Perpustakaan Yan Pinjaman Kanak-kanak 30/03/2014 5 K 398.24 NAN A01436777 26/11/2025 24/11/2025 Book